000 00977nam a2200301 a 4500
001 000041722
005 20241010113235.0
008 131016s1986 sp 001 0bspa d
020 _a8470433954
040 _aDO-SdBNP
_bspa
_cBNPHU
082 _a923.7
_bB742b
100 1 _aBraido, Pedro
_968549
245 1 0 _aDon Bosco :
_bal alcance de la mano /
_cPietro Braido ; traducción de Juan Manuel Espinosa.
260 _aMadrid :
_bCCS,
_c1986.
300 _a131 p. ;
_c21 cm.
490 1 _aDon Bosco;
_v8
504 _aIncluye bibliografía y notas al pie de páginas.
504 _aBibliografía: p.125-129.
600 1 4 _aBOSCO, JUAN,
_cSANTO
_d1815-1888
_968550
650 0 _aMaestros
_917439
650 4 _aSalesianos
_xEducación
_968551
650 4 _aPrácticas de la enseñanza
_968552
650 0 _aPedagogía
_9693
700 1 _aEspinosa, Juan Manuel,
_etr.
_968553
830 0 _aDon Bosco
_n8
_968554
910 _aValidado. Control de calidad EMS
049 _aBNPD
999 _c41211
_d41211